[Event "Mittelfranken-chT 0405"]
[Site "Germany"]
[Date "2005.01.23"]
[Round "5.2"]
[White "Bous, Florian"]
[Black "Vogiatzis, Dimitrios"]
[Result "1/2-1/2"]
[WhiteElo "1980"]
[BlackElo "1968"]
[PlyCount "99"]
[EventDate "2004.10.17"]
[EventType "team"]
[EventRounds "9"]
[EventCountry "GER"]
[SourceTitle "EXT 2007"]
[Source "ChessBase"]
[SourceDate "2006.11.23"]
[SourceVersion "1"]
[SourceVersionDate "2006.11.23"]
[SourceQuality "1"]

1. d4 f5 2. g3 Nf6 3. Bg2 e6 4. c4 d5 5. Nh3 c6 6. 0-0 Be7 7. b3 0-0 8. Qc2 a5 9. Ba3 Bxa3 10. Nxa3 Qe7 11. Nb1 Bd7 12. Nc3 Na6 13. Rfc1 Ne4 14. a3 Rac8 15. f3 Nf6 16. Qd2 b5 17. cxd5 exd5 18. Nf4 Rfe8 19. Nd3 c5 20. dxc5 Nxc5 21. Nxc5 Qxc5+ 22. Kf1 d4 23. Ne4 Nxe4 24. fxe4 Qe5 25. Rxc8 Bxc8 26. Rd1 fxe4 27. Qxd4 Qf5+ 28. Kg1 Bb7 29. e3 Bc6 30. Qd6 Qe6 31. b4 a4 32. Qc5 Rf8 33. Rc1 Bd7 34. Rd1 Rc8 35. Qd4 Bc6 36. Bf1 Rf8 37. Be2 Qf6 38. Qxf6 Rxf6 39. Rd8+ Kf7 40. Rb8 Rd6 41. Kf2 Rd2 42. Ke1 Ra2 43. Rc8 Bd7 44. Rc7 Ke8 45. Rc3 Ke7 46. h4 g6 47. Kf1 Kd6 48. Ke1 Ra1+ 49. Kf2 Rb1 50. Rc5 1/2-1/2

[Event "Mittelfranken-chT 0405"]
[Site "Germany"]
[Date "2004.11.07"]
[Round "2.2"]
[White "Lauer, Moritz"]
[Black "Bous, Florian"]
[Result "1-0"]
[WhiteElo "2232"]
[BlackElo "1980"]
[PlyCount "101"]
[EventDate "2004.10.17"]
[EventType "team"]
[EventRounds "9"]
[EventCountry "GER"]
[SourceTitle "EXT 2007"]
[Source "ChessBase"]
[SourceDate "2006.11.23"]
[SourceVersion "1"]
[SourceVersionDate "2006.11.23"]
[SourceQuality "1"]

1. e4 e5 2. Nf3 Nf6 3. Nxe5 d6 4. Nf3 Nxe4 5. Nc3 Nxc3 6. dxc3 Nd7 7. Bf4 Qf6 8. Qd2 Qe6+ 9. Be2 Be7 10. Nd4 Qg6 11. 0-0-0 Nc5 12. Bb5+ Bd7 13. Rhe1 Bxb5 14. Nxb5 Ne6 15. Rxe6 fxe6 16. Nxc7+ Kf7 17. Nxa8 Rxa8 18. Bxd6 Bxd6 19. Qxd6 Qxg2 20. Qd7+ Kf6 21. Re1 Qg5+ 22. Kb1 Qd5 23. Qc7 Rf8 24. b3 Rf7 25. Qf4+ Ke7 26. Qh4+ g5 27. Qb4+ Kd7 28. Qa4+ Qc6 29. Qxa7 Ke7 30. Qe3 h6 31. h4 Rf3 32. Qe5 Kf7 33. hxg5 Rf5 34. Qh8 hxg5 35. Rh1 Ke7 36. Qg7+ Kd6 37. Rd1+ Rd5 38. Rxd5+ Qxd5 39. Qd4 Qxd4 40. cxd4 Kd5 41. Kc1 Kxd4 42. Kd2 g4 43. c3+ Ke4 44. Ke2 e5 45. a4 Kf4 46. a5 e4 47. b4 e3 48. fxe3+ Kg3 49. b5 Kh2 50. a6 bxa6 51. bxa6 1-0

[Event "Pyramiden Franken Cup 5th"]
[Site "Fuerth"]
[Date "2002.09.05"]
[Round "6"]
[White "Bous, Florian"]
[Black "Liepold, Stefan"]
[Result "0-1"]
[WhiteElo "2166"]
[BlackElo "2258"]
[PlyCount "62"]
[EventDate "2002.08.31"]
[EventType "swiss"]
[EventRounds "9"]
[EventCountry "GER"]
[SourceTitle "CBM 090 Extra"]
[Source "ChessBase"]
[SourceDate "2002.11.07"]
[SourceVersion "1"]
[SourceVersionDate "2002.11.07"]
[SourceQuality "1"]

1. d4 Nf6 2. c4 g6 3. Nc3 d5 4. Nf3 Bg7 5. Qb3 dxc4 6. Qxc4 0-0 7. e4 Na6 8. Be2 c5 9. d5 e6 10. 0-0 exd5 11. exd5 Bf5 12. a3 Qb6 13. Nh4 Bd7 14. Be3 Rfe8 15. Rab1 Qd8 16. Rfd1 b5 17. Qf4 Rb8 18. h3 b4 19. axb4 cxb4 20. Na2 Nc7 21. Bf3 Ba4 22. Nxb4 Bxd1 23. Nc6 Ncxd5 24. Qd4 Nxe3 25. Nxd8 Rbxd8 26. Qxa7 Bxf3 27. Nxf3 Nf5 28. Ng5 Re7 29. Qa5 Red7 30. Qa4 Nd5 31. b4 Nc3 0-1